000 00334nam a22001457a 4500
008 230208b ||||| |||| 00| 0 eng d
020 _a9780321533739
041 _aeng
080 _2TENTH EDITION
_a51
082 _a51EHR
100 _a20
101 _aMATE
245 _aMODERN LABOR ECCONOMICS
_cEHRENBERG .G.R
942 _2udc
_cBK
999 _c59331
_d59331